000 00636nam a2200265Ia 4500
005 20260121164938.0
008 008 260114s9999 xx 000 0 eng d
020 _a9780306469640
037 _aEBOOK
040 _aCRL
040 _beng
040 _cCRL
041 _2eng
041 _aeng
084 _qCRL
100 _aBehrooz Parhami
_91045611
245 0 _aIntroduction to Parallel Processing
260 _bSpringer
260 _bSpringer
260 _c2002
856 _uhttps://link.springer.com/openurl?genre=book&isbn=978-0-306-46964-0
942 _cEBOOK
999 _c1611334
_d1611334